• 首页
  • 本馆介绍
  • 公告通知
  • 最新文献
  • 馆藏检索
  • 电子资源
  • 读者导购
  • 参考咨询
  • 我的图书馆
  • 登录
  • 详细信息显示
  • 放入我的书架
  • 预约/预借图书
  • 作者相关作品
  • 分类相关作品
  • 丛书相关作品
  • 出版社相关作品

书目信息

  • 表格格式
  • 工作单格式
  • 卡片格式
书名: The mathematics of circuit analysis
作者:
分册号:
分册名:
出版地: New York :
 
出版社: J. Wiley
出版时间: [1949].
页数: xiv, 590 p. :
开本: 24 cm.
丛书名: Principles of electrical engineering series
中图分类号:
科图分类号:
其他分类号: O29:TM
主题词:
电子资源:
000 01070nam 2200301 a 4500
001 E0735303047
004 001046071
005 20070517102337.87
008 841001s1949 nyua 000 0 eng
008 4001uueng0000000
010    @a49009496
035    @a(DLC) 49009496
040    @aDLC/ICU @beng@cICU @dDLC @dCcBjTSG
050 00 @aQA37 @b.G9 1949
082 00 @a510
090    @aQA37 @bG95
090    @aO29:TM
096    @aQA37
099    @dO29:TM@ex10
100 1  @aGuillemin, Ernst A. @q(Ernst Adolph)
245 14 @aThe mathematics of circuit analysis :@bextensions to the mathematical training of electrical engineers
260    @aNew York :@bJ. Wiley,@c[1949].
300    @axiv, 590 p. :@bdiagrs. ;@c24 cm.
440  0 @aPrinciples of electrical engineering series
500    @a"A publication of the Technology Press, Massachusetts Institute of Technology."
650  0 @aMathmematics. @b40 @c20040622 @lNLC09 @h1703 @b40 @c20040701 @lNLC09 @h1825
700    @aGuillemin, Ernst A.@q(Ernst Adolph)
852 01 @bWWJC @cJ17N @hQA37 @iG95
    
    The mathematics of circuit analysis : : extensions to the mathematical training of electrical engineers.-New York : : J. Wiley, , [1949].
    xiv, 590 p. : : diagrs. ; ; 24 cm.- (Principles of electrical engineering series )
    "A publication of the Technology Press, Massachusetts Institute of Technology."
    
    ISBN
    
●
相关链接 在E读中查询图书 在五车中查询图书 在当当中查询图书 在豆瓣中查询图书


正题名:mathematics of circuit analysis     索取号:O29:TM/x10         预约/预借

序号 登录号 条形码 馆藏地/架位号 状态 备注
1 9888   300098882   第二样本阅览室/ [索取号:O29:TM/x10] 在馆    
唐山师范学院图书馆 欢迎您!
大连网信软件有限公司© 版权所有